| 000 | 00650nam a2200181 a 4500 | ||
|---|---|---|---|
| 008 | 070709s1994 ||||||||||||||||| || u | ||
| 050 | _aIBRD(06)CS/1994/10 | ||
| 100 | _aMuller, Helga | ||
| 245 | 1 | 0 | _aTurkmenistan |
| 260 |
_aWashington, D.C. _bWorld Bank _c1994 |
||
| 300 | _axxii, 244p.:ill. | ||
| 350 | _a0.00 | ||
| 490 | _aWorld Bank Country Study | ||
| 650 | _aTURKMENISTAN--ECONOMIC POLICY--1991- | ||
| 650 | _aTURKMENISTAN--ECONOMIC CONDITIONS--1991- | ||
| 710 | _aWorld Bank | ||
| 995 |
_D0.00 _FCBU-MAIN LIBRARY (Kitwe) _H1 _I0.00 _UAVAILABLE _WJul 9, 2007 _ZInternational Publications |
||
| 999 |
_c60503 _d60503 |
||